Les films de Pierre Granier-Deferre - Statistiques

Statistiques générales
  • Ce quiz a été pris 6 fois
  • Le résultat moyen est 8 sur 26
Statistiques - réponses
Année Acteur(s) Actrice(s) Mots à trouver Film % Correct
1971 Jean Gabin Simone Signoret 1 Le {Chat}
80%
1986 Michel Aumont Elizabeth Bourgine 1 {Cours} privé
60%
1971 Alain Delon Simone Signoret 1 La {Veuve Couderc}
60%
1965 Charles Aznavour Susan Hampshire 2 {Paris} au mois d'{août}
60%
1975 Lino Ventura Françoise Brion 1 Adieu {Poulet}
40%
1975 Lino Ventura Ingrid Thulin 1 La {Cage}
40%
1970 Jean Gabin Eléonore Hirt 1 La {Horse}
40%
1973 Jean-Louis Trintignant Romy Schneider 1 Le [Train}
40%
1987 Philippe Noiret Elizabeth Bourgine 1 {Noyade} interdite
40%
1976 Philippe Noiret Romy Schneider 2 Une {femme} à sa {fenêtre}
40%
1993 Melvil Poupaud Claire Nebout 1 {Archipel}
20%
1988 Philippe Léotard Elizabeth Bourgine 2 La {couleur} du {vent}
20%
1965 Lino Ventura Irina Demick 2 La {métamorphose} des {cloportes}
20%
1983 Philippe Noiret Françoise Fabian 2 L'{ami} de {Vincent}
20%
1974 Alain Delon Sydne Rome 1 La {race] des {seigneurs}
20%
1990 Patrick Chesnais Ute Lemper 1 L'{Autrichienne}
20%
1992 Sami Frey Nathalie Baye 1 La {Voix}
20%
1973 Yves Montand Léa Massari 1 Le {Fils}
20%
1967 Jacques Perrin Eva Renzi 2 Le {Grand Dadais}
20%
1995 Jacques Weber Brigitte Rouan 2 Le {petit garçon}
20%
1961 Marcel Dalio Mireille Nègre 2 Le {petit} garçon de l'{ascenseur}
20%
1982 Philippe Noiret Simone Signoret 3 L'{Etoile du Nord}
20%
1979 Alain Delon Véronique Jannot 1 Le {Toubib}
20%
1985 Alain Souchon Tanya Lopert 4 L'{homme} aux {yeux d'argent}
20%
1981 Michel Piccoli Nathalie Baye 2 Une {étrange affaire}
20%
1962 Maurice Biraud Geneviève Fontanel 4 Les {aventures} de {Salavin} - {Confession} de {minuit}
0%
Aucun quiz correspondant
Distribution des résultats
% des personnes avec chaque résultat
Percentile par nombre de réponses
Votre historique - résultats
Vous n’avez pas pris ce quiz